|
|
|
|
| LEADER |
00000cam a2200000 4500 |
| 001 |
vtls012226032 |
| 003 |
SK-MaSNL |
| 005 |
20260301205546.0 |
| 008 |
230323s2022 xo frn 100 0dslo |
| 015 |
|
|
|a SNBA2023/06
|
| 020 |
|
|
|a 9788097419929
|q (brožované)
|
| 040 |
|
|
|a SNK
|b slo
|c SNK
|e rda
|
| 041 |
0 |
|
|a slo
|b eng
|
| 043 |
|
|
|a e-un---
|
| 044 |
|
|
|a xo
|c SK
|
| 072 |
|
7 |
|a 355/359
|x Vojenstvo. Obrana krajiny. Ozbrojené sily
|2 konspekt
|
| 072 |
|
7 |
|a 341
|x Medzinárodné právo
|2 konspekt
|
| 080 |
|
|
|a 355.48
|2 2011
|
| 080 |
|
|
|a 341
|2 2011
|
| 080 |
|
|
|a (477)
|2 2011
|
| 080 |
|
|
|a (062.534)
|2 2011
|
| 080 |
|
|
|a 341.34
|2 2011
|
| 080 |
|
|
|a 341.322.5
|2 2011
|
| 080 |
|
|
|a 323.12
|2 2011
|
| 080 |
|
|
|a 341.3
|2 2011
|
| 111 |
2 |
|
|a Medzinárodno-právne aspekty konflitku na Ukrajine
|d (2022 :
|c Malacky, Slovensko)
|4 aut
|9 591845
|
| 245 |
1 |
0 |
|a Medzinárodno-právne aspekty konfliktu na Ukrajine
|c Jozef Valuch a Daniel Bednár (eds.)
|
| 250 |
|
|
|a 1. vydanie
|
| 264 |
|
1 |
|a Bratislava
|b Slovenská spoločnosť pre medzinárodné právo pri SAV
|c 2022
|
| 300 |
|
|
|a 144 strán
|c 24 cm
|
| 336 |
|
|
|a text
|b txt
|2 rdacontent
|
| 337 |
|
|
|a bez média
|b n
|2 rdamedia
|
| 338 |
|
|
|a zväzok
|b nc
|2 rdacarrier
|
| 500 |
|
|
|a Biografické údaje o autoroch. Poznámky. Zoznam skratiek
|
| 504 |
|
|
|a Bibliografia za jednolivými príspevkami. Bibliografické odkazy
|
| 546 |
|
|
|a Anglické resumé
|
| 648 |
|
7 |
|a 2022-
|2 SNKPH
|9 361634
|
| 650 |
0 |
7 |
|a ozbrojené konflikty
|2 SNKPH
|9 4455
|
| 650 |
0 |
7 |
|a Armed conflicts
|2 SNKPHeng
|9 311364
|
| 650 |
0 |
7 |
|a International law
|2 SNKPHeng
|9 270447
|
| 650 |
0 |
7 |
|a medzinárodné právo
|2 SNKPH
|9 980
|
| 650 |
0 |
7 |
|a vojnoví zajatci
|2 SNKPH
|9 4453
|
| 650 |
0 |
7 |
|a Prisoners of war
|2 SNKPHeng
|9 293709
|
| 650 |
0 |
7 |
|a vojnové zločiny
|2 SNKPH
|9 4460
|
| 650 |
0 |
7 |
|a War crimes
|2 SNKPHeng
|9 359288
|
| 650 |
0 |
7 |
|a genocída
|2 SNKPH
|9 4472
|
| 650 |
0 |
7 |
|a Genocide
|2 SNKPHeng
|9 338697
|
| 650 |
0 |
7 |
|a medzinárodné právo humanitárne
|2 SNKPH
|9 2243
|
| 650 |
0 |
7 |
|a Humanitarian law
|2 SNKPHeng
|9 412164
|
| 651 |
|
7 |
|a Ukrajina
|2 SNKPHgeo
|9 168045
|
| 651 |
|
7 |
|a Ukraine
|2 SNKPHeng
|9 266376
|
| 655 |
|
7 |
|a zborníky konferencií
|2 SNKPH
|9 70153
|
| 655 |
|
7 |
|a Proceedings of conferences
|2 SNKPHeng
|9 265791
|
| 700 |
1 |
|
|a Valuch, Jozef,
|d 1982-
|4 com
|4 aut
|9 135351
|
| 700 |
1 |
|
|a Bednár, Daniel,
|d 1984-
|4 com
|4 aut
|9 230594
|
| 700 |
1 |
|
|a Gábriš, Tomáš,
|d 1981-
|4 aut
|9 186703
|
| 700 |
1 |
|
|a Klanduch, Peter,
|d 1979-
|4 aut
|9 591846
|
| 700 |
1 |
|
|a Bednár Marková, Viktória,
|d 1994-
|4 aut
|9 230599
|
| 700 |
1 |
|
|a Ozoráková, Lilla,
|d 1993-
|4 aut
|9 224725
|
| 700 |
1 |
|
|a Šmigová, Katarína,
|d 1980-
|4 aut
|9 159878
|
| 700 |
1 |
|
|a Vršanský, Peter,
|d 1949-
|4 aut
|9 219789
|
| 852 |
|
|
|a Slovenská národná knižnica
|
| 919 |
|
|
|a 978-80-974199-2-9
|
| 954 |
|
|
|a odborná, vedecká literatúra pôvodná (slovenská)
|2 lita
|
| 958 |
|
|
|a NB
|
| 999 |
|
|
|c 910573
|d 912503
|
| 952 |
|
|
|a SNK
|b SNK
|y VYP
|7 0
|p 17A1528982
|o snkSC 202035 D1
|i snk2023/7513
|8 0
|0 0
|1 0
|4 0
|d 2023-05-11
|l 0
|r 2026-02-24 07:42:02
|w 2026-02-24
|
| 952 |
|
|
|a SNK
|b SNK
|y PREZ
|7 0
|p 17A1529165
|o snkSC 202035
|i snk2023/7377
|8 0
|0 0
|1 0
|4 0
|d 2023-05-10
|l 0
|r 2025-10-24 00:00:00
|w 2026-02-24
|
| 952 |
|
|
|t snkMEDZ 341.3(477)
|a SNKUST
|b SNKUST
|y PREZ
|7 0
|p 17A1528957
|o snkSC 202035 D2
|i snk2023/7569
|8 1
|0 0
|1 0
|4 0
|d 2023-05-12
|l 0
|r 2025-05-28 00:00:00
|w 2026-02-24
|